000 01073nam a2200265Ia 4500
003 OSt
005 20221005110305.0
006 a|||||r|||| 00| 0
007 ta
008 221004b |||||||| |||| 00| 0 hin d
020 _a8185999635 (hbk)
_c450
024 _a97595
037 _b411, 23/03/2009, Swaraj Prakashan
_cTextual
040 _aCRL
_cCRL
_bhin
041 _2hin
_ahin
082 _aO152,3:g(Y), P6
100 _aअवस्थी, कमलेश
245 0 _aपरंपरा और आधुनिकिकरण
_b हिन्दी उपन्यासों का परिप्रेक्ष्य
246 _aParanparā aur ādhunikikaraṇa: hindī upanyāsoan kā pariprekṣhya
260 _aनई दिल्ली
_bस्वराज प्रकाशन भारत
_c2006
300 _a248पृ0
_ccm.
650 _aहिन्दी साहित्य
942 _hO152,3:g(Y), P6
_cTEXL
_2cc
999 _c1018355
_d1018355